00576nam a2200205Ia 4500008004100000050001300041050001500054100002700069245004700096245002700143260003100170260001000201260001000211300001600221300002000237300001100257500005600268521002700324999001900351170504s9999 xx 000 0 und d aQA 76.5  b.P125 2016 aPadua, Sheinny Rose D. aInventory system for palms fashion house / cSheinny Rose D. Padua. aLas Piñas, Philippines : bSISC, c2016. a101 pages : billustrations ; c28 cm. aIncludes bibliographical references and appendices. aInformation Technology c329747d329747